[Event "Valles Oriental-ch prel"]
[Site "Llinars"]
[Date "2012.01.14"]
[Round "1.1"]
[White "Llopart, Oriol"]
[Black "Arnijas Fabregas, Marc"]
[Result "0-1"]
[WhiteElo "1789"]
[BlackElo "2059"]
[PlyCount "44"]
[EventDate "2012.01.14"]
[EventType "swiss"]
[EventRounds "5"]
[EventCountry "ESP"]
[SourceTitle "EXT 2024"]
[Source "ChessBase"]
[SourceDate "2023.10.10"]
[SourceVersion "1"]
[SourceVersionDate "2023.10.10"]
[SourceQuality "1"]

1. e4 g6 2. Bc4 c6 3. Bb3 d5 4. exd5 cxd5 5. Nf3 Nf6 6. d4 Bg7 7. c4 Nc6 8. Nc3 Be6 9. c5 0-0 10. Bf4 Bg4 11. Be3 e6 12. h3 Bf5 13. Bc2 Be4 14. Nxe4 Nxe4 15. 0-0 h6 16. Rb1 f5 17. g3 g5 18. g4 Qf6 19. gxf5 Qxf5 20. Bxe4 dxe4 21. Nh2 Rad8 22. Qg4 Nxd4 0-1